000 00606nam a22002417a 4500
003 UA-OsUOA
001 70844
007 ta
008 20100921b un ||||| |||| 00| 0 ukr d
100 _aЛатишко М.
090 _a821.161-2-1
_bЛ27
942 _cBK
040 _aUA-OsUOA
_bukr
_cUA-OsUOA
_dUA-OsUOA
245 _aЧас надій
_bпоезія
300 _a174 с.
955 _a2
041 _aukr
080 _a821.161-2-1
020 _a978-966-518-518-5
260 _aК.
_c2009
650 7 _a82 Література. Літературознавство
_2UDC
999 _c357117
_d357117